[Event "AUTO-ELITE-1787"]
[Site "http://www.queenalice.com/game.php?id=1491567"]
[Date "2017.8.25"]
[Round "2"]
[White "Norfair"]
[Black "Tecodamara"]
[Result "1/2-1/2"]
[WhiteElo "2597"]
[BlackElo "2714"]

1. e4 c5 2. Nf3 Nc6 3. d4 cxd4 4. Nxd4 Qb6 5. Nb3 Nf6 6. Nc3 e6 7. Bd3 Be7 8.
O-O O-O 9. Be3 Qc7 10. f4 d6 11. Qf3 Nb4 12. Kh1 b6 13. Qg3 Kh8 14. Rac1 Nxd3
15. cxd3 Ba6 16. Bg1 Qd7 17. Rfd1 Nh5 18. Qe3 Bb7 19. Nd4 Rac8 20. f5 exf5 21.
Nxf5 Bf6 22. Rf1 g6 23. Nd4 Be5 24. Nf3 Bg7 25. Qd2 f5 26. Bd4 Rce8 27. Bxg7+
Kxg7 28. Rce1 Nf6 29. h3 fxe4 30. dxe4 Bxe4 31. Nxe4 Rxe4 32. Ng5 Ree8 33. Qd4
Qb5 34. Qf4 Nd7 35. Qd4+ Nf6 36. Qf4 Nd7 1/2-1/2

[Event "AUTO-ELITE-1787"]
[Site "http://www.queenalice.com/game.php?id=1491568"]
[Date "2017.8.25"]
[Round "2"]
[White "Tecodamara"]
[Black "shogun"]
[Result "1-0"]
[WhiteElo "2703"]
[BlackElo "2560"]

1. d4 Nf6 2. c4 e6 3. Nf3 d5 4. e3 dxc4 5. Bxc4 c5 6. O-O a6 7. dxc5 Qxd1 8.
Rxd1 Bxc5 9. Be2 O-O 10. Nbd2 Rd8 11. Ne5 Be7 12. Nec4 b5 13. Nb6 Ra7 14. Nxc8
Rxc8 15. Nb3 Rac7 16. a4 b4 17. Bd2 Ne4 18. Be1 Rc2 19. Rac1 a5 20. Rxc2 Rxc2
21. Bd3 Rxb2 22. Nxa5 f5 23. f3 Nc3 24. Ra1 Bf6 25. Nc4 Rb3 26. Bc2 Ne2+ 27. Kf1
Bxa1 28. Bxb3 Nc1 29. Na5 Nxb3 30. Nxb3 Be5 31. Bxb4 Bxh2 32. f4 e5 33. Bd6 Nd7
34. a5 exf4 35. Nd4 Kf7 36. Nxf5 Ke6 37. e4 g6 38. a6 gxf5 39. Bc7 f3 40. exf5+
Kxf5 41. g4+ Kg6 42. Bxh2 Nb6 43. Kf2 Kf6 44. a7 Ke6 45. Kxf3 Kd5 46. Bg1 Na8
47. Kf4 Kc6 48. Kg5 Kb7 49. Kh6 Nc7 50. Kxh7 Ne8 51. g5 Nc7 52. g6 Ne6 53. Kh8
Ka8 54. Be3 Kb7 55. Kg8 Nd8 56. Kf8 Ka8 57. Ke7 Nc6+ 58. Kf6 1-0

[Event "AUTO-ELITE-1787"]
[Site "http://www.queenalice.com/game.php?id=1491569"]
[Date "2017.8.25"]
[Round "2"]
[White "shogun"]
[Black "Tecodamara"]
[Result "0-1"]
[WhiteElo "2565"]
[BlackElo "2698"]

1. e4 c5 2. Nf3 e6 3. c3 d5 4. e5 d4 5. Na3 Nc6 6. Bd3 Nge7 7. O-O Ng6 8. Nc4 b5
9. Nd6+ Bxd6 10. Bxb5 Bb7 11. Qa4 O-O 12. Bxc6 Bxc6 13. Qxc6 Nxe5 14. Nxe5 Bxe5
15. Qxc5 Qb8 16. g3 Rc8 17. Qa5 a6 18. Qa4 Qb5 19. Qxb5 axb5 20. f4 Bf6 21. f5
Re8 22. Kg2 h5 23. h4 Kh7 24. cxd4 Bxd4 25. fxe6 Rxe6 26. Rxf7 Re2+ 27. Kh3 Bg1
28. g4 Rd8 29. d4 Rxd4 30. gxh5 Bh2 31. h6 Be5 32. Rxg7+ Bxg7 33. hxg7 Re1 34.
h5 Rdd1 35. h6 Rxc1 36. Rxc1 Rxc1 0-1

[Event "AUTO-OPEN-3829"]
[Site "http://www.queenalice.com/game.php?id=1499900"]
[Date "2017.10.22"]
[Round "2"]
[White "szachograjek"]
[Black "Tecodamara"]
[Result "0-1"]
[WhiteElo "2197"]
[BlackElo "2702"]

1. e4 c5 2. g3 b6 3. Bg2 Bb7 4. d3 e6 5. Ne2 d5 6. O-O Be7 7. f4 dxe4 8. dxe4
Nc6 9. a3 Qc7 10. e5 Rd8 11. Qe1 h5 12. Nbc3 Nh6 13. Be3 Nd4 14. Rc1 Bxg2 15.
Kxg2 Qc6+ 0-1

[Event "AUTO-OPEN-3829"]
[Site "http://www.queenalice.com/game.php?id=1499901"]
[Date "2017.10.22"]
[Round "2"]
[White "Tecodamara"]
[Black "szachograjek"]
[Result "1-0"]
[WhiteElo "2703"]
[BlackElo "2196"]

1. d4 d5 2. c4 dxc4 3. Nf3 a6 4. e3 b5 5. a4 c6 6. b3 cxb3 7. axb5 cxb5 8. Bxb5+
Bd7 9. Bc4 Nf6 10. Qxb3 e6 11. O-O Bc6 12. Ne5 Bd5 13. Bxd5 Qxd5 14. Qa4+ Nbd7
15. Nc3 Qb7 16. Rb1 Qc8 17. Ba3 Qxc3 18. Bxf8 Rxf8 19. Rfc1 Qd2 20. Rc2 1-0

[Event "AUTO-ELITE-1898"]
[Site "http://www.queenalice.com/game.php?id=1502690"]
[Date "2017.11.8"]
[Round "1"]
[White "knight576"]
[Black "Tecodamara"]
[Result "0-1"]
[WhiteElo "2210"]
[BlackElo "2715"]

1. e4 e5 2. Nf3 Nc6 3. d4 exd4 4. Nxd4 Nf6 5. Nxc6 bxc6 6. Nc3 Bb4 7. Bd3 d5 8.
exd5 cxd5 9. Qe2+ Be7 10. O-O O-O 11. Re1 Be6 12. Bf4 c6 13. h3 Bd6 14. Bxd6
Qxd6 15. Qf3 Rab8 16. b3 Rfe8 17. Re2 Bd7 18. Rd2 g6 19. Ne2 c5 20. c3 a5 21.
Rad1 a4 22. Nc1 Bc6 23. Bf1 d4 24. Qg3 Qxg3 25. fxg3 Ne4 26. Rc2 Nxc3 0-1

[Event "AUTO-ELITE-1898"]
[Site "http://www.queenalice.com/game.php?id=1502691"]
[Date "2017.11.8"]
[Round "1"]
[White "Tecodamara"]
[Black "knight576"]
[Result "1-0"]
[WhiteElo "2712"]
[BlackElo "2170"]

1. d4 d5 2. c4 e6 3. Nf3 Be7 4. g3 Nd7 5. Bg2 Ngf6 6. O-O O-O 7. Qc2 c6 8. Nbd2
b6 9. e4 Bb7 10. Rd1 Rc8 11. b3 c5 12. exd5 exd5 13. Bb2 dxc4 14. Nxc4 b5 15. d5
bxc4 16. d6 cxb3 17. axb3 Be4 18. Qc3 Bxd6 19. Rxd6 Qe7 20. Rad1 Bf5 21. Nh4 1-0

[Event "AUTO-ELITE-1898"]
[Site "http://www.queenalice.com/game.php?id=1502696"]
[Date "2017.11.8"]
[Round "1"]
[White "BEBADO"]
[Black "Tecodamara"]
[Result "0-1"]
[WhiteElo "2371"]
[BlackElo "2704"]

1. e4 e5 2. Nf3 Nc6 3. Bc4 Bc5 4. O-O Nf6 5. d4 Bxd4 6. Nxd4 Nxd4 7. f4 d6 8.
fxe5 dxe5 9. Bg5 Qe7 10. Qd3 Be6 11. Bxe6 Nxe6 12. Bxf6 gxf6 13. Nc3 c6 14. Rf2
Rg8 15. Raf1 Rg6 16. Kh1 Qb4 17. b3 h5 18. Rxf6 Nf4 19. R6xf4 exf4 0-1

[Event "AUTO-ELITE-1898"]
[Site "http://www.queenalice.com/game.php?id=1502697"]
[Date "2017.11.8"]
[Round "1"]
[White "Tecodamara"]
[Black "BEBADO"]
[Result "1-0"]
[WhiteElo "2705"]
[BlackElo "2369"]

1. d4 Nf6 2. c4 g6 3. Nc3 Bg7 4. e4 d6 5. h3 O-O 6. Nf3 e5 7. d5 a5 8. Bd3 Na6
9. O-O Nh5 10. Be3 Nf4 11. Bc2 h6 12. a3 Bd7 13. Rc1 g5 14. Nh2 Qe8 15. Re1 Nc5
16. Nf1 a4 17. Bxc5 dxc5 18. Ne3 Kh7 19. Nf5 Ra6 20. g3 Ng6 21. d6 c6 22. Nxa4
1-0

[Event "AUTO-ELITE-1902"]
[Site "http://www.queenalice.com/game.php?id=1503788"]
[Date "2017.11.15"]
[Round "1"]
[White "ichtus"]
[Black "Tecodamara"]
[Result "1/2-1/2"]
[WhiteElo "2625"]
[BlackElo "2718"]

1. d4 d5 2. Nf3 Nf6 3. Bg5 Ne4 4. Bf4 c5 5. Nbd2 Nc6 6. Nxe4 dxe4 7. d5 Nb4 8.
c3 Nxd5 9. Qa4+ Bd7 10. Qxe4 Nxf4 11. Qxf4 f6 12. e4 e5 13. Qe3 b5 14. a4 a6 15.
Be2 c4 16. Nh4 g6 17. O-O Qc8 18. axb5 axb5 19. Rxa8 Qxa8 20. Rd1 Qc6 21. h3 Qc5
22. Qd2 Bc6 23. Qd8+ Kf7 24. Ra1 Qxf2+ 25. Kh2 Bxe4 26. Nf3 Bxf3 27. Bxf3 Qc5
28. Ra6 Qg1+ 29. Kg3 Qe1+ 30. Kh2 1/2-1/2

[Event "AUTO-ELITE-1902"]
[Site "http://www.queenalice.com/game.php?id=1503789"]
[Date "2017.11.15"]
[Round "1"]
[White "Tecodamara"]
[Black "ichtus"]
[Result "1/2-1/2"]
[WhiteElo "2716"]
[BlackElo "2627"]

1. e4 e6 2. d4 d5 3. Nc3 Bb4 4. exd5 exd5 5. Bd3 Nc6 6. a3 Bxc3+ 7. bxc3 Nge7 8.
Qf3 Be6 9. Ne2 Qd7 10. O-O Bf5 11. Re1 Bxd3 12. cxd3 O-O 13. Rb1 b6 14. h4 Rfe8
15. Bd2 Ng6 16. h5 Nh4 17. Qf4 Nf5 18. Qg4 Rad8 19. Kh2 h6 20. Ng3 Nce7 21. Nxf5
Qxf5 22. Qxf5 Nxf5 23. a4 Nd6 24. Kg3 Rxe1 25. Rxe1 f6 26. Bf4 Kf7 27. Kf3 Nb7
28. g4 c5 29. a5 bxa5 30. Be3 cxd4 31. Bxd4 Rd7 32. Bxa7 Nd8 33. Be3 1/2-1/2

[Event "AUTO-ELITE-1902"]
[Site "http://www.queenalice.com/game.php?id=1503792"]
[Date "2017.11.15"]
[Round "1"]
[White "manasses"]
[Black "Tecodamara"]
[Result "0-1"]
[WhiteElo "2208"]
[BlackElo "2717"]

1. d4 d5 2. c4 e6 3. Nc3 Nf6 4. Bg5 Be7 5. e3 h6 6. Bh4 O-O 7. Nf3 b6 8. Be2 Bb7
9. O-O Nbd7 10. Rc1 dxc4 11. Bxc4 a6 12. Ne5 c5 13. a4 Nxe5 14. dxe5 Ne4 15.
Bxe7 Qxe7 16. f3 Rfd8 17. Bd3 c4 18. fxe4 Rxd3 19. Qf3 Rad8 20. Ne2 b5 21. axb5
axb5 22. Nd4 R8xd4 23. exd4 Rxf3 24. Rxf3 Bxe4 25. Re3 Qg5 0-1

[Event "AUTO-ELITE-1902"]
[Site "http://www.queenalice.com/game.php?id=1503793"]
[Date "2017.11.15"]
[Round "1"]
[White "Tecodamara"]
[Black "manasses"]
[Result "1-0"]
[WhiteElo "2716"]
[BlackElo "2209"]

1. e4 c5 2. Nf3 e6 3. Nc3 Nc6 4. d4 cxd4 5. Nxd4 a6 6. Be2 Qc7 7. O-O Nf6 8. Be3
Be7 9. f4 d6 10. Qe1 O-O 11. Qg3 Bd7 12. a3 e5 13. fxe5 dxe5 14. Nf5 Bxf5 15.
Rxf5 Qd6 16. Bd3 Nd4 17. Rxe5 Ne6 18. Nd5 Bd8 19. Bf2 Nxd5 20. exd5 Nc7 21.
Bxh7+ Kh8 22. Qh3 1-0

[Event "AUTO-OPEN-3829"]
[Site "http://www.queenalice.com/game.php?id=1508372"]
[Date "2017.12.17"]
[Round "3"]
[White "Walbrodt"]
[Black "Tecodamara"]
[Result "1/2-1/2"]
[WhiteElo "2766"]
[BlackElo "2718"]

1. d4 Nf6 2. c4 e6 3. Nf3 b6 4. g3 Bb7 5. Bg2 d5 6. O-O dxc4 7. Qa4+ Nbd7 8. Bg5
Be7 9. Ne5 Bxg2 10. Kxg2 O-O 11. Nc6 Qe8 12. Qxc4 h6 13. Bd2 Bd6 14. f3 Nb8 15.
Nxb8 Rxb8 16. e4 b5 17. Qd3 Nd7 18. Nc3 a6 19. Rfd1 c5 20. dxc5 Bxc5 21. Bf4 Rb7
22. Rac1 Qe7 23. Ne2 Nb6 24. b3 Rd7 25. Qc3 Rc8 26. Rxd7 Qxd7 27. Qd2 Qe7 28.
Be5 Rd8 29. Qc2 Ba3 30. Rd1 Rxd1 31. Qxd1 Nd7 32. Bc7 Nf8 33. Bb6 Bc5 34. Qd8
Qxd8 35. Bxd8 f5 36. g4 fxe4 37. fxe4 Bd6 38. Nd4 Kf7 1/2-1/2

[Event "AUTO-OPEN-3829"]
[Site "http://www.queenalice.com/game.php?id=1508373"]
[Date "2017.12.17"]
[Round "3"]
[White "Tecodamara"]
[Black "Walbrodt"]
[Result "1/2-1/2"]
[WhiteElo "2719"]
[BlackElo "2765"]

1. d4 Nf6 2. Nf3 g6 3. b4 Bg7 4. Bb2 O-O 5. e3 d6 6. Be2 e5 7. dxe5 Ng4 8. O-O
Nc6 9. Bc3 Ncxe5 10. Nxe5 Nxe5 11. e4 g5 12. a4 Qe7 13. Ra3 Be6 14. Nd2 Rad8 15.
Nf3 Nxf3+ 16. Bxf3 Be5 17. h3 Qf6 18. Qa1 Rd7 19. Rd1 Rfd8 20. Rd3 c6 21. b5 c5
22. a5 c4 23. Rd1 Bxc3 24. Qxc3 Qxc3 25. Rxc3 Rc8 26. Bg4 Rc5 27. b6 Bxg4 28.
hxg4 Rxa5 29. Rxc4 axb6 30. Rcd4 Rc7 31. Rxd6 Rxc2 32. Rxb6 Raa2 33. Rf6 Rc7 34.
Rb1 Re2 35. Rb4 Kg7 36. Rf5 1/2-1/2

[Event "AUTO-ELITE-1898"]
[Site "http://www.queenalice.com/game.php?id=1517699"]
[Date "2018.2.27"]
[Round "2"]
[White "Tecodamara"]
[Black "FabioDavid"]
[Result "1/2-1/2"]
[WhiteElo "2716"]
[BlackElo "2565"]

1. d4 Nf6 2. c4 g6 3. g3 Bg7 4. Bg2 d5 5. cxd5 Nxd5 6. Nf3 O-O 7. O-O c5 8. e4
Nf6 9. e5 Nd5 10. dxc5 Na6 11. Qd4 Ndb4 12. Qh4 Nc2 13. Bg5 Re8 14. Nc3 Nxa1 15.
Rxa1 Nxc5 16. Qc4 Ne6 17. Rd1 Bd7 18. Qh4 Rc8 19. Bh3 Qc7 20. Bxe7 Bc6 21. Bxe6
Bxf3 22. Bd6 Qc6 23. Bd5 Bxd5 24. Nxd5 Qc2 25. Qg4 h5 26. Qf3 Qxb2 27. Ne7+ Rxe7
28. Bxe7 Bxe5 29. Kg2 b6 30. Qb7 Qc2 31. Rd7 Qc4 32. Bg5 Rc7 33. Bf6 Kh7 34.
Rxc7 Qxc7 35. Qxc7 Bxc7 36. f4 Kg8 37. Kf3 Kf8 38. Ke4 Ke8 39. f5 Kd7 40. fxg6
fxg6 41. Kd5 b5 42. Bh4 Bd6 43. h3 a5 44. g4 b4 45. gxh5 gxh5 46. Kc4 Ke6
1/2-1/2

[Event "AUTO-ELITE-1898"]
[Site "http://www.queenalice.com/game.php?id=1517700"]
[Date "2018.2.27"]
[Round "2"]
[White "FabioDavid"]
[Black "Tecodamara"]
[Result "0-1"]
[WhiteElo "2565"]
[BlackElo "2711"]

1. b3 d5 2. Bb2 Bf5 3. Nf3 Nf6 4. e3 e6 5. d3 h6 6. Be2 Nbd7 7. O-O Bd6 8. c4
O-O 9. Nc3 c6 10. Qd2 Bg6 11. Rad1 Qe7 12. h3 Rfd8 13. d4 Rac8 14. Qc1 a6 15. c5
Bc7 16. b4 e5 17. dxe5 Nxe5 18. Nxe5 Qxe5 19. f4 Qe7 20. Bd3 Bxd3 21. Rxd3 a5
22. a3 Ra8 23. Qc2 Re8 24. Ne2 Ne4 25. Bd4 axb4 26. axb4 Qh4 27. Qb2 Bd8 28. Ra3
Rxa3 29. Qxa3 Nd2 30. Rd1 Ne4 31. Rf1 Bf6 32. Qa2 Ng3 33. Nxg3 Qxg3 34. Rf3 Qe1+
35. Rf1 Qg3 36. Rf3 Qg6 37. Kh2 Kh7 38. f5 Qg5 39. b5 Bxd4 40. exd4 Re1 41. Qc2
cxb5 42. f6+ g6 43. Qb2 h5 0-1

[Event "AUTO-ELITE-1902"]
[Site "http://www.queenalice.com/game.php?id=1526937"]
[Date "2018.5.11"]
[Round "2"]
[White "ClivetheBeard"]
[Black "Tecodamara"]
[Result "1/2-1/2"]
[WhiteElo "2696"]
[BlackElo "2711"]

1. g3 Nf6 2. Bg2 d5 3. d4 g6 4. Nf3 Bg7 5. Ne5 O-O 6. O-O c6 7. c4 dxc4 8. Nxc4
Be6 9. b3 Bd5 10. Bb2 Bxg2 11. Kxg2 b5 12. Ne5 Qb6 13. Qc2 Qb7 14. Kg1 Nfd7 15.
a4 b4 16. Rc1 c5 17. Nxd7 Nxd7 18. dxc5 Bxb2 19. Qxb2 Rac8 20. Nd2 Nxc5 21. Rc4
Rfd8 22. Rac1 Ne6 23. Nf3 Rxc4 24. Rxc4 a5 25. Qc1 f6 26. h4 Qd5 1/2-1/2

[Event "AUTO-ELITE-1902"]
[Site "http://www.queenalice.com/game.php?id=1526938"]
[Date "2018.5.11"]
[Round "2"]
[White "Tecodamara"]
[Black "ClivetheBeard"]
[Result "1/2-1/2"]
[WhiteElo "2713"]
[BlackElo "2686"]

1. d4 d5 2. c4 dxc4 3. Nf3 e6 4. e3 Nf6 5. Bxc4 c5 6. O-O a6 7. dxc5 Qxd1 8.
Rxd1 Bxc5 9. Be2 Nbd7 10. Nbd2 b6 11. Nc4 Bb7 12. a3 a5 13. b3 O-O 14. Bb2 Rfd8
15. Nd4 h6 16. Rac1 Rac8 17. Nb5 Bd5 18. Kf1 Kf8 19. Na7 Ra8 20. Nb5 Rac8 21.
Rc2 Kg8 22. Rcd2 Ne4 23. Rc2 Nef6 24. Rc3 Ne4 25. Rcc1 Nef6 1/2-1/2

[Event "AUTO-ELITE-1902"]
[Site "http://www.queenalice.com/game.php?id=1526941"]
[Date "2018.5.11"]
[Round "2"]
[White "Tecodamara"]
[Black "ichtus"]
[Result "1-0"]
[WhiteElo "2711"]
[BlackElo "2669"]

1. d4 Nf6 2. c4 g6 3. Nc3 Bg7 4. e4 d6 5. Nf3 O-O 6. Be2 e5 7. O-O Nc6 8. d5 Ne7
9. Ne1 Nd7 10. Nd3 f5 11. f3 f4 12. Bd2 Nf6 13. Rc1 g5 14. c5 Ng6 15. Nb5 Rf7
16. Ba5 b6 17. cxd6 cxd6 18. Be1 g4 19. fxg4 Nxe4 20. Nb4 a6 21. Bf3 Ng3 22. Nc6
Qf8 23. Nc3 Nxf1 24. Kxf1 Bf6 25. Ne4 Bh4 26. Bb4 Rd7 27. a4 a5 28. Ba3 Kh8 29.
Kg1 Bd8 30. g5 Bc7 31. h4 Qg7 32. Qe1 Bb7 33. h5 Nf8 34. Bg4 Bxc6 35. Bxd7 Nxd7
36. Rxc6 Nc5 37. Bxc5 bxc5 38. Qh4 1-0

[Event "AUTO-ELITE-1902"]
[Site "http://www.queenalice.com/game.php?id=1526942"]
[Date "2018.5.11"]
[Round "2"]
[White "ichtus"]
[Black "Tecodamara"]
[Result "1/2-1/2"]
[WhiteElo "2661"]
[BlackElo "2712"]

1. Nf3 Nf6 2. g3 d5 3. Bg2 g6 4. O-O Bg7 5. d3 O-O 6. Nbd2 Nc6 7. e4 dxe4 8.
dxe4 a5 9. a4 Nd7 10. Nc4 b6 11. Na3 Ba6 12. Nb5 Nc5 13. Qe2 e5 14. Rd1 Qe7 15.
Bg5 Qe6 16. Qe1 Rfc8 17. Nc3 Bb7 18. Nd5 f6 19. Be3 Nxe4 20. Nxe5 Ne7 21. Nxe7+
Qxe7 22. Nf3 Re8 23. Nd2 f5 24. Nxe4 Bxe4 25. Bxe4 1/2-1/2

[Event "AUTO-ELITE-1856"]
[Site "http://www.queenalice.com/game.php?id=1529377"]
[Date "2018.6.1"]
[Round "2"]
[White "Tecodamara"]
[Black "ichtus"]
[Result "1-0"]
[WhiteElo "2720"]
[BlackElo "2676"]

1. d4 Nf6 2. Nf3 g6 3. g3 d5 4. Bg2 Bg7 5. O-O c6 6. b3 O-O 7. Bb2 Bf5 8. Nbd2
Nbd7 9. c4 b5 10. Nh4 Be6 11. c5 a5 12. Qc2 a4 13. b4 a3 14. Bc3 Qc8 15. h3 Nb8
16. Kh2 Ra4 17. f4 Kh8 18. Rab1 Na6 19. e3 Kg8 20. Rf2 Nc7 21. Re1 Nce8 22. g4
Bxg4 23. hxg4 Nxg4+ 24. Kg1 Nxf2 25. Kxf2 Nf6 26. Nhf3 Ng4+ 27. Ke2 Qe6 28. Qd3
Nf6 29. Ng5 Qc8 30. Bh3 e6 31. Ngf3 Nh5 32. Rg1 Qe8 33. Kd1 f5 34. Nb3 Ra7 35.
Be1 Nf6 36. Na5 Ne4 37. Kc2 Re7 38. Bh4 Ra7 39. Qxa3 Qc8 40. Bf1 Qc7 41. Be1 Bf6
42. Bd3 Rf7 43. Qc1 Rg7 44. Kb1 Qc8 45. Bh4 Bxh4 46. Nxh4 Nf2 47. Bc2 Ng4 48.
Qe1 Rac7 49. Nf3 Ra7 50. Kb2 Qa8 51. Rxg4 fxg4 52. Ne5 h5 53. Qh4 1-0

[Event "AUTO-ELITE-1856"]
[Site "http://www.queenalice.com/game.php?id=1529378"]
[Date "2018.6.1"]
[Round "2"]
[White "ichtus"]
[Black "Tecodamara"]
[Result "1/2-1/2"]
[WhiteElo "2667"]
[BlackElo "2712"]

1. Nf3 Nf6 2. g3 d5 3. Bg2 g6 4. O-O Bg7 5. d4 O-O 6. c4 c6 7. cxd5 cxd5 8. Nc3
Nc6 9. Ne5 Bf5 10. Bf4 Rc8 11. Nxc6 Rxc6 12. Be5 Be6 13. Qd2 Qd7 14. Rac1 Rd8
15. Rfd1 Rcc8 16. e3 Bh3 17. Bh1 Be6 18. Bg2 Ne8 19. Bxg7 Kxg7 20. Ne2 h6 21.
Nf4 Nf6 22. Nxe6+ Qxe6 23. Rxc8 1/2-1/2

[Event "Challenge"]
[Site "http://www.queenalice.com/game.php?id=1540987"]
[Date "2018.9.3"]
[Round "-"]
[White "Tecodamara"]
[Black "ClivetheBeard"]
[Result "1/2-1/2"]
[WhiteElo "2727"]
[BlackElo "2684"]

1. d4 d5 2. c4 dxc4 3. Nf3 Nf6 4. e3 g6 5. Bxc4 Bg7 6. O-O O-O 7. Nc3 Nc6 8. h3
Bf5 9. Re1 Ne4 10. Nxe4 Bxe4 11. Bf1 Bxf3 12. Qxf3 e5 13. dxe5 Bxe5 14. Rd1 Qf6
15. Qxf6 Bxf6 16. Be2 Rfe8 17. Kf1 Nd8 18. Rb1 Ne6 19. b4 a6 20. a4 Red8 21. Bd2
c6 22. g4 Kf8 23. f4 h6 24. Bf3 g5 25. Ke2 gxf4 26. exf4 Nd4+ 27. Kf2 Nxf3 28.
Kxf3 Rd3+ 29. Be3 Ra3 30. Ke2 Re8 31. Rd3 Rxa4 32. Kf3 Be7 33. f5 Kg7 34. Bd4+
Bf6 35. Bxf6+ Kxf6 36. Rbb3 Re5 37. Rd6+ Kg7 38. Rd7 Rb5 39. Re3 Rbxb4 40. Kg3
Re4 41. Rxe4 Rxe4 42. Rxb7 a5 43. Ra7 a4 44. Ra6 c5 45. Ra5 Rc4 46. Kh4 Kf6 47.
Kh5 Rc3 48. h4 Rc4 49. Ra6+ Ke5 50. Rxh6 Rd4 51. Ra6 c4 52. g5 Kxf5 53. Rxa4 Re4
1/2-1/2

[Event "Challenge"]
[Site "http://www.queenalice.com/game.php?id=1549505"]
[Date "2018.11.16"]
[Round "-"]
[White "ClivetheBeard"]
[Black "Tecodamara"]
[Result "1/2-1/2"]
[WhiteElo "2722"]
[BlackElo "2726"]

1. b3 e5 2. Bb2 Nc6 3. c4 Nf6 4. e3 d5 5. cxd5 Nxd5 6. a3 a6 7. Qc2 Bd6 8. d3
Be6 9. Nf3 f5 10. Nbd2 Qf6 11. g3 g5 12. Bg2 O-O-O 13. O-O h5 14. e4 Nb6 15.
exf5 Bxf5 16. Rfe1 Kb8 17. Ne4 Bxe4 18. Rxe4 g4 19. Nd2 Nd4 20. Bxd4 exd4 21.
Nc4 Nd5 22. Rae1 Nc3 23. Re6 Qf5 24. Qd2 Rhf8 25. Nxd6 Rxd6 26. Rxd6 cxd6 27.
Re7 d5 28. Qe1 Qxd3 29. Rxb7+ Kxb7 30. Qe7+ Kc6 31. Qe6+ 1/2-1/2